[Event "28. Klatovy A 2022"]
[Site "Klatovy"]
[Date "2022.07.09"]
[Round "8.25"]
[White "Cecil, Pavel"]
[Black "Paldus, Jan"]
[Result "1/2-1/2"]
[WhiteElo "1898"]
[BlackElo "1709"]
[PlyCount "110"]
[EventDate "2022.07.02"]
[EventType "swiss"]
[EventRounds "9"]
[EventCountry "CZE"]

1. Nf3 d5 2. d4 Nf6 3. c4 e6 4. Bg5 Be7 5. e3 O-O 6. Nc3 h6 7. Bh4 Ne4 8. Bxe7 Qxe7 9. Qc2 c6 10. Nxe4 dxe4 11. Nd2 f5 12. Be2 Nd7 13. O-O b6 14. Rfd1 Bb7 15. f3 exf3 16. Bxf3 Nf6 17. e4 Ng4 18. Nf1 Qg5 19. Re1 f4 20. Qe2 h5 21. h3 Nf6 22. e5 Nd7 23. Bxh5 c5 24. d5 exd5 25. Qg4 Rf5 26. e6 Nf6 27. Qxg5 Rxg5 28. Bf3 Re8 29. Rad1 Ba8 30. cxd5 Bxd5 31. Bxd5 Rxd5 32. Rxd5 Nxd5 33. g3 fxg3 34. Nxg3 Nf4 35. e7 Nxh3+ 36. Kh2 Nf4 37. Nf5 Ng6 38. Kg3 Nxe7 39. Rxe7 Rd8 40. Rxg7+ Kf8 41. Rxa7 Rd2 42. b3 Rc2 43. Kf4 c4 44. bxc4 Rxc4+ 45. Ke5 Rc5+ 46. Ke6 Rc6+ 47. Nd6 b5 48. a3 Rb6 49. Rf7+ Kg8 50. Rb7 Ra6 51. Rxb5 Rxa3 52. Rb2 Re3+ 53. Kf6 Rf3+ 54. Nf5 Rf1 55. Rb8+ Kh7 1/2-1/2

[Event "28. Klatovy A 2022"]
[Site "Klatovy"]
[Date "2022.07.09"]
[Round "8.26"]
[White "Bartonicek, Zdenek"]
[Black "Rerabek, Jaroslav"]
[Result "1-0"]
[WhiteElo "1976"]
[BlackElo "1721"]
[PlyCount "166"]
[EventDate "2022.07.02"]
[EventType "swiss"]
[EventRounds "9"]
[EventCountry "CZE"]

1. e4 c5 2. Nc3 g6 3. f4 Bg7 4. Nf3 Nc6 5. Bb5 Nd4 6. O-O Nxb5 7. Nxb5 a6 8. Nc3 d6 9. d3 Nf6 10. Qe1 O-O 11. Kh1 b5 12. Be3 Bb7 13. Rd1 Qa5 14. Nd5 Qxe1 15. Nxe7+ Kh8 16. Rdxe1 Rfe8 17. e5 Rxe7 18. exf6 Bxf6 19. c3 Rae8 20. Bd2 Rxe1 21. Rxe1 Rxe1+ 22. Nxe1 h5 23. Kg1 a5 24. a3 Kg7 25. Kf2 Bd5 26. g3 Be6 27. Ke3 h4 28. d4 cxd4+ 29. cxd4 a4 30. Bb4 Be7 31. Nf3 hxg3 32. hxg3 f6 33. Nd2 Kf7 34. Ne4 d5 35. Nc3 Bxb4 36. axb4 Bd7 37. Nxd5 Ke6 38. Nc3 Kd6 39. d5 f5 40. Kd4 Be8 41. Ke3 Bd7 42. Kf3 Ke7 43. Kf2 Kd6 44. Kg2 Ke7 45. Kh3 Kf7 46. Kh4 Kf6 47. Ne2 Bc8 48. Nd4 Bd7 49. d6 Be8 50. g4 fxg4 51. Kxg4 Bd7+ 52. Kf3 g5 53. fxg5+ Ke5 54. Ke3 Kxd6 55. g6 Ke7 56. Kf4 Kf6 57. g7 Kxg7 58. Ke5 Kf7 59. Kd6 Ke8 60. Kc5 Kd8 61. Nxb5 Kc8 62. Kb6 Kb8 63. Nc3 Be8 64. b5 Bh5 65. Nxa4 Bf3 66. Nc5 Be2 67. Ka5 Bf3 68. b6 Be2 69. Ne4 Bf1 70. Nd6 Be2 71. Kb4 Bf1 72. Kc5 Bg2 73. b4 Bf3 74. Kb5 Be2+ 75. Ka5 Bf1 76. b5 Bg2 77. Nc4 Kb7 78. Ne5 Be4 79. Nd7 Bg2 80. Nc5+ Kb8 81. Ka6 Bf3 82. b7 Bg4 83. Kb6 Bh3 1-0

[Event "28. Klatovy A 2022"]
[Site "Klatovy"]
[Date "2022.07.09"]
[Round "8.27"]
[White "Boucek, Vlastimil 1968"]
[Black "Fiser, Jiri2"]
[Result "0-1"]
[WhiteElo "1756"]
[BlackElo "1800"]
[PlyCount "64"]
[EventDate "2022.07.02"]
[EventType "swiss"]
[EventRounds "9"]
[EventCountry "CZE"]

1. e4 Nf6 2. e5 Nd5 3. d4 d6 4. c4 Nb6 5. f4 g6 6. Be2 dxe5 7. fxe5 Bg7 8. Nf3 Bg4 9. h3 Bxf3 10. Bxf3 Nc6 11. Bxc6+ bxc6 12. c5 Nd5 13. O-O O-O 14. Qa4 Qd7 15. Nd2 f6 16. exf6 exf6 17. Nf3 Rfe8 18. Bd2 Re4 19. Rae1 Rae8 20. Rxe4 Rxe4 21. Qxa7 h6 22. Qb8+ Kh7 23. Qb3 f5 24. Qd3 Ne7 25. Be3 Qe6 26. Bc1 Qxa2 27. g4 Qe6 28. gxf5 Nxf5 29. Rd1 Qd5 30. Rf1 Nxd4 31. Rd1 Nxf3+ 32. Qxf3 Re1+ 0-1

[Event "28. Klatovy A 2022"]
[Site "Klatovy"]
[Date "2022.07.10"]
[Round "9.1"]
[White "Straka, Vojtech"]
[Black "Formanek, Martin"]
[Result "1-0"]
[WhiteElo "2421"]
[BlackElo "2233"]
[PlyCount "43"]
[EventDate "2022.07.02"]
[EventType "swiss"]
[EventRounds "9"]
[EventCountry "CZE"]

1. c4 g6 2. Nc3 Bg7 3. d4 d6 4. e4 e5 5. d5 f5 6. exf5 Bxf5 7. Nge2 Nf6 8. Ng3 O-O 9. Bd3 e4 10. Bc2 Ng4 11. Ncxe4 Bxe4 12. Nxe4 Qh4 13. Bg5 Qh5 14. h3 Nf6 15. g4 Nxe4 16. gxh5 Nxf2 17. Qe2 Nxh1 18. O-O-O Ng3 19. Qe6+ Kh8 20. h6 Be5 21. Re1 Bd4 22. Bf6+ 1-0

[Event "28. Klatovy A 2022"]
[Site "Klatovy"]
[Date "2022.07.10"]
[Round "9.2"]
[White "Jurek, Josef"]
[Black "Slovak, Kilian"]
[Result "1/2-1/2"]
[WhiteElo "2200"]
[BlackElo "2321"]
[PlyCount "21"]
[EventDate "2022.07.02"]
[EventType "swiss"]
[EventRounds "9"]
[EventCountry "CZE"]

1. Nf3 Nf6 2. c4 g6 3. d4 Bg7 4. g3 O-O 5. Bg2 d6 6. Nc3 c6 7. O-O Qb6 8. e3 Qa6 9. b3 b5 10. Nd2 Bb7 11. Qe2 1/2-1/2

[Event "28. Klatovy A 2022"]
[Site "Klatovy"]
[Date "2022.07.10"]
[Round "9.4"]
[White "Hurdzan, Tomas"]
[Black "Dvorak, Jan"]
[Result "1/2-1/2"]
[WhiteElo "2317"]
[BlackElo "2194"]
[PlyCount "33"]
[EventDate "2022.07.02"]
[EventType "swiss"]
[EventRounds "9"]
[EventCountry "CZE"]

1. e4 e6 2. d4 d5 3. Nc3 Bb4 4. e5 c5 5. a3 Bxc3+ 6. bxc3 Qa5 7. Bd2 Qa4 8. h4 b6 9. h5 Ba6 10. Nf3 h6 11. Rh4 Bxf1 12. Kxf1 Ne7 13. Kg1 Qa6 14. a4 Nbc6 15. dxc5 bxc5 16. a5 Rb8 17. Rha4 1/2-1/2

[Event "28. Klatovy A 2022"]
[Site "Klatovy"]
[Date "2022.07.10"]
[Round "9.5"]
[White "Eret, Matous"]
[Black "Flajsman, Pavel"]
[Result "1/2-1/2"]
[WhiteElo "2273"]
[BlackElo "2177"]
[PlyCount "43"]
[EventDate "2022.07.02"]
[EventType "swiss"]
[EventRounds "9"]
[EventCountry "CZE"]

1. e4 e5 2. Nf3 Nc6 3. Bc4 Bc5 4. d3 Nf6 5. O-O d6 6. c3 h6 7. Re1 O-O 8. a4 a6 9. Nbd2 Be6 10. Ba2 Bxa2 11. Rxa2 d5 12. b4 Ba7 13. Ba3 Re8 14. b5 Nb8 15. d4 exd4 16. e5 Ne4 17. Nxe4 dxe4 18. Nxd4 Bxd4 19. cxd4 axb5 20. axb5 Qd5 21. Ra1 Ra5 22. Bc5 1/2-1/2

[Event "28. Klatovy A 2022"]
[Site "Klatovy"]
[Date "2022.07.10"]
[Round "9.6"]
[White "Lhotska, Anna"]
[Black "Janous, Marek"]
[Result "1/2-1/2"]
[WhiteElo "2113"]
[BlackElo "2175"]
[PlyCount "46"]
[EventDate "2022.07.02"]
[EventType "swiss"]
[EventRounds "9"]
[EventCountry "CZE"]

1. e4 c5 2. Nf3 Nc6 3. d4 cxd4 4. Nxd4 g6 5. Nc3 Bg7 6. Be3 Nf6 7. Bc4 O-O 8. f3 Qb6 9. Bb3 Nxe4 10. Nd5 Qa5+ 11. c3 Nc5 12. Nxc6 dxc6 13. Nxe7+ Kh8 14. Nxc8 Nxb3 15. axb3 Qe5 16. Kf2 Rfxc8 17. Rxa7 Rxa7 18. Bxa7 Qa5 19. Be3 Rd8 20. Qe2 h5 21. Rd1 Rxd1 22. Qxd1 Qf5 23. Bd4 Bxd4+ 1/2-1/2

[Event "28. Klatovy A 2022"]
[Site "Klatovy"]
[Date "2022.07.10"]
[Round "9.7"]
[White "Hulin, Petr"]
[Black "Jun, Rudolf Jr"]
[Result "1/2-1/2"]
[WhiteElo "2090"]
[BlackElo "2134"]
[PlyCount "25"]
[EventDate "2022.07.02"]
[EventType "swiss"]
[EventRounds "9"]
[EventCountry "CZE"]

1. d4 Nf6 2. c4 e6 3. Nf3 b6 4. Bf4 Bb7 5. e3 Bb4+ 6. Nfd2 O-O 7. a3 Be7 8. h3 d6 9. Nc3 Nbd7 10. Bd3 c5 11. O-O a6 12. Nf3 Rc8 13. Qe2 1/2-1/2

[Event "28. Klatovy A 2022"]
[Site "Klatovy"]
[Date "2022.07.10"]
[Round "9.8"]
[White "Skypala, Ondrej"]
[Black "Novak, Vaclav2"]
[Result "1-0"]
[WhiteElo "2142"]
[BlackElo "1904"]
[PlyCount "67"]
[EventDate "2022.07.02"]
[EventType "swiss"]
[EventRounds "9"]
[EventCountry "CZE"]

1. c4 c5 2. g3 g6 3. Bg2 Bg7 4. Nc3 Nf6 5. e3 O-O 6. Nge2 Nc6 7. O-O d6 8. d3 Bd7 9. a3 Qc8 10. Nf4 e5 11. Nfd5 Bh3 12. b4 Bxg2 13. Kxg2 cxb4 14. axb4 Nxd5 15. Nxd5 Qd8 16. e4 Ne7 17. Bg5 f6 18. Be3 Nxd5 19. cxd5 b6 20. Qa4 f5 21. f3 f4 22. Bd2 fxg3 23. hxg3 Rf7 24. Rac1 Qf8 25. Rc6 Rd8 26. Bg5 Re8 27. Rxd6 h6 28. Be3 g5 29. Rc6 g4 30. f4 exf4 31. Bxf4 Bd4 32. Rg6+ Kh7 33. Rxh6+ Kg7 34. Rfh1 1-0

[Event "28. Klatovy A 2022"]
[Site "Klatovy"]
[Date "2022.07.10"]
[Round "9.10"]
[White "Novotny, David"]
[Black "Kopriva, Martin"]
[Result "1/2-1/2"]
[WhiteElo "1958"]
[BlackElo "2124"]
[PlyCount "26"]
[EventDate "2022.07.02"]
[EventType "swiss"]
[EventRounds "9"]
[EventCountry "CZE"]

1. e4 g6 2. d4 Bg7 3. Nc3 d6 4. Nf3 a6 5. a4 Nf6 6. a5 O-O 7. h3 b5 8. axb6 cxb6 9. Bd3 Bb7 10. O-O Nc6 11. Re1 b5 12. Ne2 Nb4 13. Ng3 Rc8 1/2-1/2

[Event "28. Klatovy A 2022"]
[Site "Klatovy"]
[Date "2022.07.10"]
[Round "9.11"]
[White "Martirosyan, David"]
[Black "Jirousek, Jan"]
[Result "0-1"]
[WhiteElo "1826"]
[BlackElo "2094"]
[PlyCount "38"]
[EventDate "2022.07.02"]
[EventType "swiss"]
[EventRounds "9"]
[EventCountry "CZE"]

1. d4 Nf6 2. Nf3 e6 3. e3 d5 4. Bd3 Be7 5. Nbd2 O-O 6. O-O b6 7. Ne5 c5 8. b3 Ba6 9. Bxa6 Nxa6 10. Nc6 Qc7 11. Nxe7+ Qxe7 12. Bb2 Rac8 13. a3 c4 14. bxc4 dxc4 15. Bc3 Nd5 16. Nb1 f5 17. Qd2 Rf6 18. f3 Rh6 19. Bb2 Qc7 0-1

[Event "28. Klatovy A 2022"]
[Site "Klatovy"]
[Date "2022.07.10"]
[Round "9.12"]
[White "Popov, Roman4"]
[Black "Kupsa, Matej 2001"]
[Result "0-1"]
[WhiteElo "1826"]
[BlackElo "2079"]
[PlyCount "70"]
[EventDate "2022.07.02"]
[EventType "swiss"]
[EventRounds "9"]
[EventCountry "CZE"]

1. d4 Nf6 2. c4 e6 3. g3 d5 4. Nf3 Bb4+ 5. Bd2 Be7 6. Bg2 O-O 7. O-O Ne4 8. Nc3 f5 9. Ne5 Nd7 10. Nxd7 Qxd7 11. f3 Nxd2 12. Qxd2 dxc4 13. e4 Bc5 14. Rad1 Rd8 15. Nd5 exd5 16. dxc5 d4 17. Qb4 Qf7 18. b3 Be6 19. exf5 Qxf5 20. bxc4 a5 21. Qb5 c6 22. Qxb7 Qxc5 23. Rfe1 Rab8 24. Qc7 Rbc8 25. Qb7 d3+ 26. Kh1 Qxc4 27. Bf1 Qc2 28. Qe7 Bf5 29. Qg5 Bg6 30. Rd2 Qc3 31. Bh3 Rb8 32. Be6+ Kh8 33. h4 Re8 34. h5 Bf7 35. Qf4 Qf6 0-1

[Event "28. Klatovy A 2022"]
[Site "Klatovy"]
[Date "2022.07.10"]
[Round "9.13"]
[White "Danko, Jiri"]
[Black "Hausner, Ivan"]
[Result "0-1"]
[WhiteElo "1837"]
[BlackElo "2290"]
[PlyCount "72"]
[EventDate "2022.07.02"]
[EventType "swiss"]
[EventRounds "9"]
[EventCountry "CZE"]

1. e4 c5 2. Nf3 d6 3. d4 cxd4 4. Nxd4 Nf6 5. Nc3 Nc6 6. Nde2 e6 7. Bg5 Be7 8. g3 h6 9. Bxf6 Bxf6 10. Bg2 O-O 11. O-O a6 12. Kh1 Qc7 13. f4 b5 14. a3 Bb7 15. Qd2 Na5 16. Rad1 Nc4 17. Qc1 Bxc3 18. Nxc3 Nxa3 19. Rf3 Nc4 20. Rfd3 Rac8 21. b3 Na5 22. Qa3 Rfd8 23. R1d2 Nc6 24. Ne2 b4 25. Qb2 a5 26. Nd4 Nxd4 27. Rxd4 d5 28. e5 Qc3 29. Qxc3 Rxc3 30. Bf1 Rdc8 31. Bd3 R8c6 32. Rd1 Ba6 33. Bxa6 Rxa6 34. Ra1 Rxc2 35. Rxb4 axb4 36. Rxa6 Rb2 0-1

[Event "28. Klatovy A 2022"]
[Site "Klatovy"]
[Date "2022.07.10"]
[Round "9.14"]
[White "Pick, Stepan"]
[Black "Kunc, Jan"]
[Result "0-1"]
[WhiteElo "1952"]
[BlackElo "2062"]
[PlyCount "50"]
[EventDate "2022.07.02"]
[EventType "swiss"]
[EventRounds "9"]
[EventCountry "CZE"]

1. Nf3 d5 2. c4 c6 3. e3 Nf6 4. Nc3 e6 5. b3 Bd6 6. Bb2 O-O 7. Qc2 e5 8. cxd5 cxd5 9. Nb5 Nc6 10. Nxd6 Qxd6 11. d4 Ne4 12. a3 exd4 13. Nxd4 Nxd4 14. Bxd4 Bf5 15. Qb2 Qg6 16. f3 Nd6 17. g4 Bd3 18. Bxd3 Qxd3 19. Rd1 Qg6 20. Kf2 f5 21. g5 f4 22. exf4 Rxf4 23. h4 Qf5 24. Qe2 Rc8 25. Rd3 Rxd4 0-1

[Event "28. Klatovy A 2022"]
[Site "Klatovy"]
[Date "2022.07.10"]
[Round "9.15"]
[White "Gernert, Otakar"]
[Black "Mik, Tomas"]
[Result "1/2-1/2"]
[WhiteElo "2039"]
[BlackElo "1683"]
[PlyCount "21"]
[EventDate "2022.07.02"]
[EventType "swiss"]
[EventRounds "9"]
[EventCountry "CZE"]

1. d4 d5 2. c4 dxc4 3. Nf3 Nf6 4. e3 e6 5. Bxc4 Be7 6. O-O O-O 7. Nc3 c5 8. dxc5 Bxc5 9. Qc2 a6 10. Rd1 Qc7 11. Ne4 1/2-1/2

[Event "28. Klatovy A 2022"]
[Site "Klatovy"]
[Date "2022.07.10"]
[Round "9.17"]
[White "Mach, Ondrej"]
[Black "Strnad, Jakub"]
[Result "1/2-1/2"]
[WhiteElo "1910"]
[BlackElo "1994"]
[PlyCount "51"]
[EventDate "2022.07.02"]
[EventType "swiss"]
[EventRounds "9"]
[EventCountry "CZE"]

1. d4 d5 2. c4 e6 3. Nc3 Nf6 4. cxd5 exd5 5. Bg5 Nbd7 6. e3 c6 7. Bd3 Be7 8. Qc2 O-O 9. Nge2 Re8 10. O-O Nf8 11. f3 h6 12. Bh4 c5 13. Qd2 Ne6 14. Bb5 Bd7 15. Bxd7 Qxd7 16. Bxf6 Bxf6 17. dxc5 Nxc5 18. Nxd5 Bxb2 19. Rad1 Be5 20. Qc2 Qc6 21. e4 Bd6 22. Nd4 Qa4 23. Qxa4 Nxa4 24. Nf5 Bc5+ 25. Kh1 Rad8 26. Rc1 1/2-1/2

[Event "28. Klatovy A 2022"]
[Site "Klatovy"]
[Date "2022.07.10"]
[Round "9.18"]
[White "Kroulik, Vaclav"]
[Black "Hosnedl, Jiri"]
[Result "0-1"]
[WhiteElo "1749"]
[BlackElo "1744"]
[PlyCount "96"]
[EventDate "2022.07.02"]
[EventType "swiss"]
[EventRounds "9"]
[EventCountry "CZE"]

1. e4 e5 2. Nf3 Nf6 3. Nc3 Nc6 4. d4 exd4 5. Nxd4 Bb4 6. Nxc6 bxc6 7. Bd3 d5 8. exd5 cxd5 9. O-O O-O 10. Bg5 c6 11. h3 Rb8 12. Qf3 Be7 13. b3 Nd7 14. Bf4 Ra8 15. Rad1 Nc5 16. Ne2 Nxd3 17. Rxd3 Bf5 18. Rd2 Be4 19. Qg3 Bf6 20. Nd4 Qb6 21. Ne2 Rfe8 22. Be3 Qa5 23. a4 c5 24. Bg5 Bxg5 25. Qxg5 h6 26. Qf4 g5 27. b4 Qxb4 28. c3 gxf4 29. cxb4 f3 30. gxf3 Bxf3 31. Nf4 cxb4 32. Nxd5 Re5 33. Ne3 Rc8 34. Rd6 Rg5+ 35. Kh2 b3 36. h4 Rg6 37. Rxg6+ fxg6 38. Rb1 Rb8 39. Kg3 Bc6 40. a5 Ba4 41. Nd1 Bd7 42. Rb2 Be6 43. Nc3 Rc8 44. Ne2 Bf7 45. Kf3 Rc5 46. Nd4 Rxa5 47. Ke4 Rh5 48. Nxb3 Rb5 0-1

[Event "28. Klatovy A 2022"]
[Site "Klatovy"]
[Date "2022.07.10"]
[Round "9.19"]
[White "Stastny, Jakub"]
[Black "Pecka, Jan"]
[Result "1-0"]
[WhiteElo "2023"]
[BlackElo "1863"]
[PlyCount "55"]
[EventDate "2022.07.02"]
[EventType "swiss"]
[EventRounds "9"]
[EventCountry "CZE"]

1. d4 d5 2. c4 e6 3. Nc3 Be7 4. cxd5 exd5 5. Nf3 c6 6. Qc2 Nf6 7. Bg5 O-O 8. e3 Ne4 9. Bf4 f5 10. Bd3 Nd7 11. O-O g5 12. Bg3 Qe8 13. Rae1 Ndf6 14. Ne5 Nxg3 15. hxg3 Ne4 16. Bxe4 fxe4 17. f3 exf3 18. Rxf3 Bd6 19. Rxf8+ Qxf8 20. Rf1 Qh6 21. Qf2 Be6 22. Nf7 Bxf7 23. Qxf7+ Kh8 24. Rf6 Qf8 25. Qe6 Qe7 26. Qxd6 Qxe3+ 27. Kh2 Qe8 28. g4 1-0

[Event "28. Klatovy A 2022"]
[Site "Klatovy"]
[Date "2022.07.10"]
[Round "9.20"]
[White "Roubal, Matyas"]
[Black "Skola, Miroslav"]
[Result "1-0"]
[WhiteElo "1909"]
[BlackElo "2086"]
[PlyCount "61"]
[EventDate "2022.07.02"]
[EventType "swiss"]
[EventRounds "9"]
[EventCountry "CZE"]

1. e4 e6 2. d4 d5 3. e5 c5 4. c3 Nc6 5. Nf3 Qb6 6. Bd3 cxd4 7. O-O Bd7 8. Re1 a6 9. cxd4 Nxd4 10. Nxd4 Qxd4 11. Nc3 Qa7 12. Qg4 g6 13. Be3 Bc5 14. Bxc5 Qxc5 15. Rac1 Qa5 16. b4 Qd8 17. b5 Ne7 18. Qb4 O-O 19. a4 a5 20. Qd4 Nc8 21. Re3 Nb6 22. h4 Rc8 23. Rg3 Be8 24. h5 Kg7 25. Kh2 Nc4 26. Rh1 f5 27. Ne2 g5 28. Nf4 Kf7 29. h6 Rg8 30. Bxf5 exf5 31. e6+ 1-0

[Event "28. Klatovy A 2022"]
[Site "Klatovy"]
[Date "2022.07.10"]
[Round "9.21"]
[White "Lhotsky, Zdenek"]
[Black "Bartonicek, Zdenek"]
[Result "1-0"]
[WhiteElo "1794"]
[BlackElo "1976"]
[PlyCount "93"]
[EventDate "2022.07.02"]
[EventType "swiss"]
[EventRounds "9"]
[EventCountry "CZE"]

1. e4 e5 2. Nf3 Nc6 3. Bb5 a6 4. Ba4 Nf6 5. Qe2 b5 6. Bb3 Be7 7. c3 O-O 8. O-O d6 9. Rd1 Na5 10. Bc2 c5 11. d4 Qc7 12. d5 Bd7 13. b3 Nb7 14. Nbd2 a5 15. a4 c4 16. bxc4 bxa4 17. Bxa4 Bxa4 18. Rxa4 Nc5 19. Ra1 a4 20. Ba3 Nfd7 21. Nf1 Nb3 22. Ra2 Rfc8 23. Ne3 Ndc5 24. Nc2 Na6 25. Nxe5 Bf6 26. Nc6 Bxc3 27. Ne3 Nac5 28. Nf5 Re8 29. f3 Qd7 30. Qf2 g6 31. Nfd4 Bxd4 32. Nxd4 Nxd4 33. Qxd4 Nb3 34. Qf6 Qd8 35. Qxd6 Qg5 36. Re2 Na5 37. Qb4 Reb8 38. Qe7 Qxe7 39. Bxe7 Nxc4 40. d6 a3 41. d7 a2 42. Bf6 Rb1 43. Ree1 Nd2 44. Rxd2 Rd8 45. Kf2 Rxe1 46. Kxe1 Rxd7 47. Rxd7 1-0

[Event "28. Klatovy A 2022"]
[Site "Klatovy"]
[Date "2022.07.10"]
[Round "9.22"]
[White "Novotny, Jaroslav2"]
[Black "Krauskopfova, Lenka 1996"]
[Result "1-0"]
[WhiteElo "1911"]
[BlackElo "1839"]
[PlyCount "151"]
[EventDate "2022.07.02"]
[EventType "swiss"]
[EventRounds "9"]
[EventCountry "CZE"]

1. e4 e6 2. d4 d5 3. e5 c5 4. c3 Nc6 5. Nf3 Qb6 6. a3 Nge7 7. b4 cxd4 8. cxd4 Nf5 9. Bb2 Bd7 10. g4 Nfe7 11. Bd3 Ng6 12. Qd2 f6 13. h4 fxe5 14. dxe5 Qc7 15. Qe3 Be7 16. h5 Nf8 17. Nbd2 Qb6 18. Qxb6 axb6 19. Ke2 Kd8 20. Nb3 Be8 21. Nbd4 Kd7 22. Rac1 g6 23. h6 g5 24. Bb5 Rc8 25. Rc3 Kd8 26. Ke3 Na7 27. Rxc8+ Nxc8 28. Bxe8 Kxe8 29. Nb5 Kd7 30. Rh5 Rg8 31. Ke2 Ng6 32. Bc1 Nf4+ 33. Bxf4 gxf4 34. g5 Ke8 35. Rh4 Rg6 36. Rg4 Bd8 37. Kd3 Be7 38. Kc3 Bd8 39. Kd2 Be7 40. Ke2 Bd8 41. Nbd4 Na7 42. b5 Be7 43. a4 Nc8 44. Kd3 Bd8 45. Ne2 Rg8 46. Nxf4 Kf7 47. Rg1 Ne7 48. Nh4 Nf5 49. Nxf5 exf5 50. Nh3 Ke6 51. f4 Be7 52. Rg2 Bc5 53. g6 hxg6 54. h7 Rh8 55. Rxg6+ Kf7 56. Rf6+ Ke8 57. Ng5 Be7 58. Rxf5 Bxg5 59. Rxg5 Rxh7 60. Kd4 Rh4 61. Rf5 Rh1 62. Kxd5 Ke7 63. Rf6 Rd1+ 64. Ke4 Ra1 65. Rxb6 Rxa4+ 66. Kf5 Ra7 67. Kg6 Kd7 68. Rd6+ Ke7 69. f5 Ra1 70. f6+ Ke8 71. Kf5 Rc1 72. Re6+ Kd7 73. Re7+ Kc8 74. f7 Rf1+ 75. Ke6 Kd8 76. b6 1-0

[Event "28. Klatovy A 2022"]
[Site "Klatovy"]
[Date "2022.07.10"]
[Round "9.23"]
[White "Paldus, Jan"]
[Black "Borovsky, Ivan 1969"]
[Result "1/2-1/2"]
[WhiteElo "1709"]
[BlackElo "1813"]
[PlyCount "52"]
[EventDate "2022.07.02"]
[EventType "swiss"]
[EventRounds "9"]
[EventCountry "CZE"]

1. e4 c5 2. Nf3 Nc6 3. d4 cxd4 4. Nxd4 Nf6 5. Nc3 e6 6. Be3 Bb4 7. Bd3 O-O 8. O-O Bxc3 9. Nxc6 bxc6 10. bxc3 d6 11. c4 c5 12. Bg5 h6 13. Bh4 g5 14. Bg3 e5 15. h3 Be6 16. Qf3 Kg7 17. Rfb1 Rb8 18. Rb3 Qc7 19. Rab1 a5 20. a4 Bd7 21. Ra1 Rb4 22. Rba3 Rfb8 23. Qd1 Qb6 24. f3 Rb1 25. Rxb1 Qxb1 26. Qf1 Rb4 1/2-1/2

[Event "28. Klatovy A 2022"]
[Site "Klatovy"]
[Date "2022.07.10"]
[Round "9.24"]
[White "Chalus, Karel"]
[Black "Cecil, Pavel"]
[Result "1/2-1/2"]
[WhiteElo "1975"]
[BlackElo "1898"]
[PlyCount "21"]
[EventDate "2022.07.02"]
[EventType "swiss"]
[EventRounds "9"]
[EventCountry "CZE"]

1. e4 e6 2. d4 d5 3. Nc3 Nf6 4. e5 Nfd7 5. f4 c5 6. Nf3 Nc6 7. Be3 a6 8. Qd2 b5 9. O-O-O Qb6 10. Kb1 Bb7 11. Be2 1/2-1/2

[Event "28. Klatovy A 2022"]
[Site "Klatovy"]
[Date "2022.07.10"]
[Round "9.25"]
[White "Langmajer, Jan"]
[Black "Rerabek, Jaroslav"]
[Result "1-0"]
[WhiteElo "1869"]
[BlackElo "1721"]
[PlyCount "61"]
[EventDate "2022.07.02"]
[EventType "swiss"]
[EventRounds "9"]
[EventCountry "CZE"]

1. e4 c5 2. Nf3 g6 3. d4 cxd4 4. Nxd4 Bg7 5. Be3 Nc6 6. Nc3 Nf6 7. Bc4 O-O 8. Bb3 d6 9. f3 a6 10. Qd2 Na5 11. g4 Nxb3 12. axb3 Be6 13. h4 h5 14. gxh5 Nxh5 15. Nce2 Bd7 16. Nc3 Rc8 17. Bh6 Be6 18. Bxg7 Kxg7 19. Rg1 Bd7 20. Nf5+ Bxf5 21. exf5 Rc5 22. Qg5 e6 23. Qxh5 Rxf5 24. Qg4 Qb6 25. O-O-O Qe3+ 26. Kb1 d5 27. Qd4+ Qxd4 28. Rxd4 Rxf3 29. h5 Rh8 30. hxg6 fxg6 31. Rdg4 1-0

[Event "28. Klatovy A 2022"]
[Site "Klatovy"]
[Date "2022.07.10"]
[Round "9.26"]
[White "Fiser, Jiri2"]
[Black "Richter, Martin1"]
[Result "0-1"]
[WhiteElo "1800"]
[BlackElo "1929"]
[PlyCount "44"]
[EventDate "2022.07.02"]
[EventType "swiss"]
[EventRounds "9"]
[EventCountry "CZE"]

1. e4 e6 2. d4 d5 3. Nd2 a6 4. Ngf3 c5 5. exd5 exd5 6. Be2 Nc6 7. O-O cxd4 8. Nb3 Nf6 9. Nbxd4 Bc5 10. Bg5 O-O 11. c3 Ba7 12. h3 Qd6 13. Bd3 Ne4 14. Bxe4 dxe4 15. Nxc6 Qxc6 16. Nd4 Qg6 17. Qd2 h6 18. Bf4 Bxh3 19. Bg3 Bg4 20. Rfe1 Rad8 21. Re3 f5 22. Bf4 Qf6 0-1